Las adecuaciones del currículo a las necesidades educativas del alumnado : (Record no. 155141)

MARC details
000 -CABECERA
campo de control de longitud fija 01178nam a2200241 a 4500
005 - FECHA Y HORA DE LA ÚLTIMA TRANSACCIÓN
campo de control 20230221063616.0
008 - ELEMENTOS DE LONGITUD FIJA--INFORMACIÓN GENERAL
campo de control de longitud fija 120123s2006 mx r 000 0 spa d
020 ## - NÚMERO INTERNACIONAL NORMALIZADO PARA LIBROS
Número Internacional Estándar del Libro 968908254X
035 ## - NÚMERO DE CONTROL DEL SISTEMA
Número de control de sistema UPN01000183038
049 ## - COLECCIÓN
Colección LTG
050 #4 - SIGNATURA TOPOGRÁFICA DE LA BIBLIOTECA DEL CONGRESO
Número de clasificación LB2003.3 A1.46
Número de documento/Ítem G3.2
100 1# - ASIENTO PRINCIPAL--NOMBRE PERSONAL
Nombre de persona García Treviño, Manuel Antonio
245 14 - MENCIÓN DE TÍTULO
Título Las adecuaciones del currículo a las necesidades educativas del alumnado :
Resto del título la propuesta curricular adaptada en educación especial /
Mención de responsabilidad, etc. Manuel Antonio García Treviño, Héctor Javier Herrera Rodríguez, María Norma Hernández Beltrán.
260 ## - PUBLICACIÓN, DISTRIBUCIÓN, ETC.
Lugar de publicación, distribución, etc. México :
Nombre del editor, distribuidor, etc. SEP, Subsecretaría de Educación Básica :
-- Secretaría de Educación de Nuevo León,
Fecha de publicación, distribución, etc. 2006.
300 ## - DESCRIPCIÓN FÍSICA
Extensión 35 p.
440 #0 - MENCIÓN DE SERIE/ASIENTO SECUNDARIO--TÍTULO
Título Programa Nacional para la Actualización Permanente de los Maestros de Educación Básica en Servicio.
Nombre de parte o sección de la obra Talleres Generales de Actualización 2006-2007
500 ## - NOTA GENERAL
Nota general "Educación especial Nuevo León"
650 #4 - ASIENTO SECUNDARIO DE MATERIA - TERMINO TEMATICO
Término de materia o nombre geográfico como elemento de entrada MAESTROS DE EDUCACION ESPECIAL -
Subdivisión general FORMACION PROFESIONAL
9 (RLIN) 852
650 #2 - ASIENTO SECUNDARIO DE MATERIA - TERMINO TEMATICO
Término de materia o nombre geográfico como elemento de entrada Desarrollo curricular
9 (RLIN) 405
700 1# - ASIENTO SECUNDARIO--NOMBRE DE PERSONAL
Nombre de persona Herrera Rodríguez, Héctor Javier,
Término indicativo de función/relación coaut.
700 1# - ASIENTO SECUNDARIO--NOMBRE DE PERSONAL
Nombre de persona Hernández Beltrán, María Norma,
Término indicativo de función/relación coaut.
905 ## - TIPO DE MATERIAL
Tipo de material Libro
Holdings
Estado de retiro Estado de pérdida Fuente del sistema de clasificación o colocación Estado dañado No para préstamo Código de colección Localización permanente Ubicación/localización actual Ubicación en estantería Fecha de adquisición Clasificación Código de barras Fecha visto por última vez Número de copia Tipo de ítem Koha
    Library of Congress Classification   Disponible (Préstamo en sala) Libros de texto gratuitos Bib. Gregorio Torres Quintero Bib. Gregorio Torres Quintero Colecciones especiales Planta alta 03/05/2023 LB2003.3 A1.46 G3.2 244301 31/12/2020 1 Libro
    Library of Congress Classification   Coleccion LTG Libros de texto gratuitos Bib. Gregorio Torres Quintero Bib. Gregorio Torres Quintero   14/02/2023 LB2003.3 A1.46 G3.2 330679 14/02/2023 Ej.2 Libro